Statistics for Longest Reigning Roman Emperors

Click here to take the quiz!

General Stats

  • This quiz has been taken 78 times
  • The average score is 15 of 29

Answer Stats

ReignYearsEmperor% Correct
27 BC - 14 AD (44 BC - 14 AD)40 (57)Augustus
98%
(1092 - 1118)(26)Constantine
82%
(613 - 641)(28)Constantine III
82%
313 - 337 (306 - 337)24 (31)Constantine the Great
82%
741 - 775 (720 - 775)34 (55)Constantine V
82%
913 - 920, 944 - 959 (908 - 959)22 (51)Constantine VII
82%
1025 - 1028 (963 - 1028)3 (65)Constantine VIII
82%
527 - 56538Justinian the Great
72%
408 - 45042Theodosius II
59%
775 - 780 (751 - 780)5 (29)Leo IV
57%
886 - 912 (870 - 912)26 (42)Leo VI
57%
976 - 1025 (960 - 1025)49 (65)Basil II
46%
337 - 361 (324 - 361)24 (37)Constantius II
41%
1118 - 114325John II
41%
1222 - 125432John III
41%
1341 - 1376, 1379 - 1390, 1390 - 139147John V
41%
1425 - 1448 (1416 - 1448)23 (32)John VIII
41%
425 - 45530Valentinian III
41%
395 - 423 (393 - 423)28 (30)Honorius
39%
1391 - 1425 (1373 - 1425)34 (52)Manuel II
39%
(1294 - 1320)(26)Michael IX
38%
1081 - 111837Alexios I
36%
395 - 408 (383 - 408)13 (25)Arcadius
36%
641 - 66827Constans II
30%
491 - 51827Anastasius I
28%
1282 - 1328 (1261 - 1328)46 (67)Andronikos II
25%
1328 - 1341 (1316 - 1341)13 (25)Andronikos III
25%
1376 - 1379 (1352 - 1385)3 (33)Andronikos IV
25%
415 - 453 (Emperess)38Pulcheria
11%

Score Distribution

Percentile by Number Answered

Percent of People with Each Score

Your Score History

You have not taken this quiz